| 000 | 00796cam a2200229 a 4500 | ||
|---|---|---|---|
| 001 | 000015773 | ||
| 005 | 20200929164140.0 | ||
| 008 | 921211s1993 ctu 001 0 eng d | ||
| 020 | _a0275941914 | ||
| 040 |
_aDO-SdBNP _cDLC _dBNPHU |
||
| 043 | _an-us-ct | ||
| 082 |
_aNNNN _bK35m |
||
| 100 | 1 |
_aKennedy, William V., _935503 |
|
| 245 | 1 | 4 |
_aThe military and the media : _bwhy the press cannot be trusted to cover a war / _cWilliam V. Kennedy. |
| 260 |
_aWestport, Connecticut : _bPraeger, _c1993. |
||
| 300 |
_axii, 167 [2] p. ; _c25 cm. |
||
| 504 | _aIncluye notas bibliográficas y notas al pie de las páginas | ||
| 650 | 0 |
_aArmed forces and mass media _zUnited States. _935504 |
|
| 650 | 0 |
_aWar _xPress coverage _zUnited States. _935505 |
|
| 910 | _aCatalogación derivada | ||
| 049 | _aBNGR | ||
| 999 |
_c15320 _d15320 |
||